LEADER 01188nam a2200265 i 4500 001 000000077611 003 CaOOAMICUS 005 20010626000000.0 008 010626s2000 it u000 u eng u 013 $a48783 020 $a88-7210-326-6 040 $aSeMil$bita 245 14$aThe precommunion rites. 300 $a573 p. 490 0 $aOrientalia Christiana Analecta ;$v261 650 4$aEucaristia - Rito.$0(OLS)http://semarc/subject/13774 650 4$aLiturgia bizantina.$0(OLS)http://semarc/subject/308 700 1 $aTaft, Robert Francis,$c.$0(OLS)http://semarc/name/351 773 0 $aTaft, Robert Francis $tHistory of the liturgy of st. John Chrysostom.$dRoma : Pont. Institutum Studiorum Orientalium, [199?]$kOrientalia Christiana Analecta$gVolume5$w()509 830 0$aOrientalia Christiana Analecta ;$v261.$0(OLS)http://semarc/title/100 850 $aSeMil 852 $aSeMil$W1$xVenegono$y1$m2K IV 298$j43763$B43763$CSeMilBibl$Z2$F43034 $81 961 $aSottoscrizione: Pontificio Istituto Orientale 996 $6020$a88-7210-326-6$9(OLS)http://semarc/number/59431 996 $6245$aThe precommunion rites$9(OLS)http://semarc/title/126069 LEADER 00972nam a2200241 i 4500 001 000000087470 003 CaOOAMICUS 005 20180830150021.0 008 180830s1982 xx u000 u und u 013 $a59710 040 $aSeMil$bita 100 1 $aMecacci, Luciano,$d<1946- >.$0(OLS)http://semarc/name/39988 245 10$aStoria Antologica della Psicologia. 260 $aFirenze :$bGiunti-Barbčra,$c1982. 300 $a450 p. 490 0 $aBiblioteca Internazionale di Psicologia 650 4$aPsicologia - Storia.$0(OLS)http://semarc/subject/5470 700 1 $aDazzi, Nino.$0(OLS)http://semarc/name/6048 830 0$aBiblioteca internazionale di psicologia.$0(OLS)http://semarc/title/22679 850 $aSeMil 852 $aSeMil$W1$xVenegono$y1$m104 1 4 *$j50953$B50953$CSeMilBibl$Z2$F55069 $81 996 $6245$aStoria Antologica della Psicologia$9(OLS)http://semarc/title/133532 996 $6260$aFirenze :$bGiunti-Barbčra$9(OLS)http://semarc/publisher/31462